| 000 | 00873nam-a2200193-a-4500 | ||
|---|---|---|---|
| 001 | YSU0141616 | ||
| 003 | AM-YeHGA | ||
| 005 | 20250617153219.0 | ||
| 008 | 000321s1978 xxu 000 0 rus u | ||
| 020 | _c01.75 | ||
| 040 | _aAM-YeHGA | ||
| 245 | 1 | 0 |
_aПроблемы системотехники и АСУ : _bМежвузовский сборник / _cСев.-зап. заоч. политехн. ин-т ; [Редкол.: В.И. Николаев (отв. ред.) и др.] |
| 260 | 0 |
_aЛ. : _bСЗПИ , _c1978. |
|
| 300 | _a156 с. | ||
| 650 | 4 | _aАвтоматизированные системы планирования и управления - Сборники | |
| 650 | 4 | _aВычислительные системы - Сборники | |
| 710 | 2 | _aСеверо-Западный заочный политехнический ин-т | |
| 090 | _c388483 | ||
| 999 |
_c386502 _d386502 |
||